Lego Masters Australia Season 1 - Statistics

General Stats
  • This quiz has been taken 11 times
    9 since last reset
  • The average score is 12 of 18
Answer Stats
Description Answer % Correct
The host Hamish Blake
88%
The team that won Henry
88%
The judge Ryan 'Brickman' McNaught
88%
The team that came third Jordan
75%
The team that came fourth and was eliminated in the Time Train challenge Bilsy
63%
The team that won Cade
63%
The team that came second David
63%
The team that came second Gerhard
63%
The team that came fifth and was eliminated in the Movie Makers challenge Jimmy
63%
The team that came eight and was eliminated in the Cut in Half challenge Kaitlyn
63%
The team that came fourth and was eliminated in the Time Train challenge Kale
63%
The team that came sixth and was eliminated in the Evil Lair challenge Lyn
63%
The team that came fifth and was eliminated in the Movie Makers challenge Maddie
63%
The team that came eighth and was eliminated in the Cut in Half challenge Marielle
63%
The team that came sixth and was eliminated in the Evil Lair challenge Matt
63%
The team that came third Miller
63%
The team that came seventh and was eliminated in the Apartment challenge Guy
50%
The team that came seventh and was eliminated in the Apartment challenge Indinushi
38%
No matching quizzes found
Score Distribution
Percent of People with Each Score
Percentile by Number Answered
Your Score History
You have not taken this quiz since the last reset